[Event "4NCL/Div3/AMCAR vs. E2E42"]
[Site "Wokefield Park ENG"]
[Date "2010.05.03"]
[Round "11.2"]
[White "Compton, Alistair"]
[Black "Sparkes, Daniel A"]
[Result "1-0"]
[WhiteElo "2061"]
[BlackElo "2066"]
[PlyCount "83"]
[EventDate "2010.05.03"]
[SourceDate "2009.10.24"]

1. e4 c5 2. Nf3 g6 3. c3 Bg7 4. d4 cxd4 5. cxd4 d5 6. e5 f6 7. Nc3 Be6 8. Bb5+
Nc6 9. Bxc6+ bxc6 10. O-O Bf7 11. Re1 e6 12. Na4 f5 13. Nc5 Bf8 14. Bg5 Qb6 15.
Rc1 h6 16. Bf6 Nxf6 17. exf6 Bxc5 18. Rxc5 O-O 19. Qc1 Kh7 20. Ne5 Qd8 21. Rxc6
Qxf6 22. Nd7 Qxd4 23. Nxf8+ Rxf8 24. Qc3 Qxc3 25. bxc3 Rb8 26. Rc7 Kg7 27. Rxa7
e5 28. f4 e4 29. Kf2 g5 30. g3 Kf6 31. Ke3 Rb2 32. Re2 Rb1 33. Rd2 Re1+ 34. Kd4
gxf4 35. gxf4 Rb1 36. a4 Rb3 37. a5 Ra3 38. Rb2 e3 39. Rb6+ Kg7 40. Rbb7 e2 41.
Rxf7+ Kg6 42. Rfe7 1-0

[Event "4NCL/Div3/AMCAR vs. E2E42"]
[Site "Wokefield Park ENG"]
[Date "2010.05.03"]
[Round "11.3"]
[White "Tart, Peter K"]
[Black "Talbot, Andrew R"]
[Result "0-1"]
[WhiteElo "2014"]
[BlackElo "2141"]
[PlyCount "88"]
[EventDate "2010.05.03"]
[SourceDate "2009.10.24"]

1. e4 c5 2. Nc3 Nc6 3. Bb5 Nd4 4. Bc4 e6 5. Nge2 a6 6. d3 b5 7. Bb3 Bb7 8. Nxd4
cxd4 9. Ne2 d5 10. e5 Bc5 11. O-O Qc7 12. f4 Ne7 13. Ng3 g6 14. Qe1 h5 15. Bd2
h4 16. Ne2 Nf5 17. Rf3 a5 18. a4 b4 19. Rh3 O-O-O 20. Kf1 g5 21. fxg5 Qxe5 22.
Bf4 Qg7 23. c3 e5 24. Nxd4 Bxd4 25. cxd4 exf4 26. Qc1+ Kb8 27. Qxf4+ Nd6 28.
Re3 Qg6 29. Rae1 Qf5 30. Rf3 Qxf4 31. Rxf4 Rc8 32. Rf6 Rhd8 33. Re5 Rc1+ 34.
Kf2 Rb1 35. Re2 Kc7 36. Rf4 Rg8 37. Rxh4 Rxg5 38. Rf4 Kd7 39. h3 Ba6 40. Rd2
Bxd3 41. Rxd3 Ne4+ 42. Rxe4 dxe4 43. Rd2 e3+ 44. Kxe3 Rg3+ 0-1

[Event "4NCL/Div3/AMCAR vs. E2E42"]
[Site "Wokefield Park ENG"]
[Date "2010.05.03"]
[Round "11.4"]
[White "Ireland, David J"]
[Black "Lyne, Colin J"]
[Result "1/2-1/2"]
[WhiteElo "2010"]
[BlackElo "2010"]
[PlyCount "52"]
[EventDate "2010.05.03"]
[SourceDate "2009.10.24"]

1. d4 Nf6 2. c4 e6 3. Nf3 Bb4+ 4. Bd2 Qe7 5. Nc3 b6 6. e3 Bb7 7. Bd3 Bxc3 8.
Bxc3 Ne4 9. Rc1 O-O 10. O-O f5 11. Bb1 d6 12. Nd2 Nxc3 13. Rxc3 Nd7 14. e4 f4
15. Rh3 e5 16. d5 a5 17. Bd3 Bc8 18. Be2 Nf6 19. Rc3 g5 20. b3 Qg7 21. a3 g4
22. Kh1 Qg6 23. Qc2 Kh8 24. b4 axb4 25. axb4 Bb7 26. c5 bxc5 1/2-1/2

[Event "4NCL/Div3/AMCAR vs. E2E42"]
[Site "Wokefield Park ENG"]
[Date "2010.05.03"]
[Round "11.5"]
[White "Stayt, James N"]
[Black "Jones, Christopher M"]
[Result "0-1"]
[WhiteElo "1996"]
[BlackElo "1964"]
[PlyCount "80"]
[EventDate "2010.05.03"]
[SourceDate "2009.10.24"]

1. e4 e5 2. Nf3 Nf6 3. Nxe5 d6 4. Nxf7 Kxf7 5. d4 g6 6. Nc3 Be7 7. Bc4+ Kg7 8.
Qd3 Re8 9. f3 Nc6 10. a3 a6 11. Be3 Na5 12. Ba2 c5 13. b4 cxd4 14. Qxd4 Nc6 15.
Qd2 Ne5 16. O-O Qc7 17. Bh6+ Kh8 18. Qd4 b5 19. Kh1 Qa7 20. Qd2 Nc4 21. Qd3 Be6
22. Nd5 Bxd5 23. exd5 Ne5 24. Qd2 Rac8 25. Rfe1 Bf8 26. Be3 Qc7 27. Rac1 Nc4
28. Bxc4 Qxc4 29. Bd4 Bg7 30. Qf4 g5 31. Qd2 Qxd5 32. c3 h6 33. Qd3 Qf7 34. Qf5
Rxe1+ 35. Rxe1 Re8 36. Rd1 Qe6 37. Qc2 Kg8 38. h3 Nh5 39. Bxg7 Kxg7 40. Qd3
Ng3+ 0-1

[Event "4NCL/Div3/AMCAR vs. E2E42"]
[Site "Wokefield Park ENG"]
[Date "2010.05.03"]
[Round "11.6"]
[White "Gibson, Christopher A"]
[Black "Zhu, Yao Yao"]
[Result "1-0"]
[WhiteElo "1973"]
[BlackElo "1954"]
[PlyCount "83"]
[EventDate "2010.05.03"]
[SourceDate "2009.10.24"]

1. d4 d5 2. c4 e5 3. dxe5 d4 4. Nf3 Nc6 5. a3 Bg4 6. Nbd2 Nge7 7. b4 Ng6 8. Bb2
Qd7 9. Qa4 Bxf3 10. Nxf3 Ngxe5 11. Nxe5 Nxe5 12. Qxd7+ Kxd7 13. e3 Re8 14. Bxd4
a6 15. c5 Rg8 16. Be2 Kc8 17. O-O g6 18. Rac1 Nc6 19. Bb2 Bg7 20. Bxg7 Rxg7 21.
Rfd1 f5 22. g3 Re4 23. Bf3 Re6 24. Bd5 Ree7 25. Bxc6 bxc6 26. Rd4 Rd7 27. Rcd1
Rxd4 28. Rxd4 Re7 29. Kg2 a5 30. Kf3 axb4 31. axb4 Kb7 32. Kf4 h6 33. h4 h5 34.
f3 Ka6 35. e4 fxe4 36. Rxe4 Rf7+ 37. Kg5 Rxf3 38. Kxg6 Rxg3+ 39. Kxh5 Rg8 40.
Kh6 Kb5 41. Kh7 Rg1 42. h5 1-0

[Event "4NCL/Div3/AMCAH vs. FCA2"]
[Site "Wokefield Park ENG"]
[Date "2010.05.03"]
[Round "11.1"]
[White "Jeffries, Majid"]
[Black "Tippleston, Charles E"]
[Result "1/2-1/2"]
[WhiteElo "1995"]
[BlackElo "2137"]
[PlyCount "41"]
[EventDate "2010.05.03"]
[SourceDate "2009.10.24"]

1. Nf3 d5 2. b3 c5 3. e3 Nf6 4. Bb2 e6 5. Bb5+ Bd7 6. Qe2 a6 7. Bxd7+ Nbxd7 8.
O-O Bd6 9. d4 O-O 10. c4 Qe7 11. Nbd2 Rfd8 12. Ne5 Ne8 13. f4 f6 14. Nd3 f5 15.
Rac1 Rac8 16. Ne5 Nef6 17. Kh1 Ne4 18. Nxd7 Qxd7 19. Nxe4 fxe4 20. Rcd1 cxd4
21. exd4 1/2-1/2

[Event "4NCL/Div3/AMCAH vs. FCA2"]
[Site "Wokefield Park ENG"]
[Date "2010.05.03"]
[Round "11.2"]
[White "Kendall, Paul SN"]
[Black "Andreev, Peter"]
[Result "1-0"]
[WhiteElo "2085"]
[BlackElo "1846"]
[PlyCount "61"]
[EventDate "2010.05.03"]
[SourceDate "2009.10.24"]

1. e4 c5 2. Nc3 Nc6 3. f4 g6 4. Nf3 Bg7 5. Bb5 Nd4 6. O-O e6 7. d3 Ne7 8. Nxd4
cxd4 9. Ne2 O-O 10. Ba4 d6 11. c3 b5 12. Bb3 dxc3 13. bxc3 b4 14. Be3 bxc3 15.
Rc1 Qa5 16. d4 Ba6 17. Rf3 Rac8 18. Rh3 Rc7 19. Ng3 Rfc8 20. Qg4 Bc4 21. Qh4 h5
22. Bxc4 Rxc4 23. Qxe7 Bxd4 24. Bxd4 Rxd4 25. Nxh5 Qxh5 26. Rxh5 gxh5 27. Qg5+
Kf8 28. Qxh5 Ke7 29. Qg5+ Kf8 30. Qf6 Rdc4 31. Rc2 1-0

[Event "4NCL/Div3/AMCAH vs. FCA2"]
[Site "Wokefield Park ENG"]
[Date "2010.05.03"]
[Round "11.3"]
[White "Malhotra, Tarun"]
[Black "Fraser-Mitchell, Jeremy N"]
[Result "1/2-1/2"]
[WhiteElo "1801"]
[BlackElo "2002"]
[PlyCount "68"]
[EventDate "2010.05.03"]
[SourceDate "2009.10.24"]

1. e4 e6 2. d4 d5 3. e5 c5 4. c3 Nc6 5. Nf3 Nh6 6. Bd3 f6 7. O-O Nf7 8. exf6
Qxf6 9. Re1 cxd4 10. cxd4 Bd6 11. Qc2 Bd7 12. Nc3 Nb4 13. Qe2 Nxd3 14. Qxd3 O-O
15. Be3 Rae8 16. Rad1 a6 17. a3 g5 18. h3 Qg7 19. Nh2 Nh6 20. Qd2 Bf4 21. g3
Bxe3 22. Qxe3 g4 23. hxg4 Nxg4 24. Nxg4 Qxg4 25. Kg2 Rf6 26. Rh1 Ref8 27. Rd2
Be8 28. Rh4 Qf3+ 29. Qxf3 Rxf3 30. Nd1 Bg6 31. Rg4 Kh8 32. Nc3 R3f6 33. f4 Be8
34. Rh4 Rg8 1/2-1/2

[Event "4NCL/Div3/AMCAH vs. FCA2"]
[Site "Wokefield Park ENG"]
[Date "2010.05.03"]
[Round "11.4"]
[White "Williamson, Kevin J"]
[Black "Marley, Andrew"]
[Result "1-0"]
[WhiteElo "2045"]
[BlackElo "1928"]
[PlyCount "49"]
[EventDate "2010.05.03"]
[SourceDate "2009.10.24"]

1. d4 Nf6 2. Nc3 g6 3. Bg5 Bg7 4. Qd2 d6 5. O-O-O Nbd7 6. f3 c6 7. e4 e5 8.
dxe5 dxe5 9. h4 h6 10. Be3 Qe7 11. g4 Kf8 12. Nh3 Ne8 13. Be2 Nb6 14. f4 exf4
15. Nxf4 Be6 16. g5 h5 17. Rhf1 Kg8 18. Nxe6 Qxe6 19. Bd4 Rd8 20. Qe3 Bxd4 21.
Rxd4 Rxd4 22. Qxd4 Nc7 23. Qd8+ Ne8 24. Qb8 Qe7 25. Qxa7 1-0

[Event "4NCL/Div3/AMCAH vs. FCA2"]
[Site "Wokefield Park ENG"]
[Date "2010.05.03"]
[Round "11.5"]
[White "Cresswell, Mike J"]
[Black "Majer, Chris E"]
[Result "1/2-1/2"]
[WhiteElo "1858"]
[BlackElo "2054"]
[PlyCount "33"]
[EventDate "2010.05.03"]
[SourceDate "2009.10.24"]

1. e4 c6 2. d4 d5 3. Nc3 dxe4 4. Nxe4 Nd7 5. c3 Ngf6 6. Bd3 Nxe4 7. Bxe4 Nf6 8.
Bc2 Bg4 9. f3 Bh5 10. Ne2 Bg6 11. Nf4 Bxc2 12. Qxc2 e6 13. Bd2 Qc7 14. O-O-O
Bd6 15. g3 O-O-O 16. Rhe1 h5 17. Qa4 {scoresheets illegible} 1/2-1/2

[Event "4NCL/Div3/AMCAH vs. FCA2"]
[Site "Wokefield Park ENG"]
[Date "2010.05.03"]
[Round "11.6"]
[White "Valentine, Brian J"]
[Black "Dixit, Kumar"]
[Result "1-0"]
[WhiteElo "1962"]
[BlackElo "1450"]
[PlyCount "81"]
[EventDate "2010.05.03"]
[SourceDate "2009.10.24"]

1. e4 c6 2. d4 d5 3. Nd2 dxe4 4. Nxe4 Bf5 5. Ng3 Bg6 6. Nf3 Nd7 7. h4 h6 8. h5
Bh7 9. Bd3 Bxd3 10. Qxd3 e6 11. Bd2 Ngf6 12. O-O-O Bd6 13. c4 c5 14. d5 Bxg3
15. fxg3 O-O 16. dxe6 fxe6 17. Bxh6 gxh6 18. Qg6+ Kh8 19. Qxh6+ Kg8 20. Ne5 Qe7
21. Qg5+ Qg7 22. Qxg7+ Kxg7 23. Nxd7 Nxd7 24. Rxd7+ Rf7 25. h6+ Kg6 26. Rxf7
Kxf7 27. h7 Rh8 28. Kd2 Kg6 29. Ke3 Rxh7 30. Rxh7 Kxh7 31. Kf4 Kg6 32. Ke5 Kf7
33. a4 a6 34. a5 Ke7 35. g4 Kf7 36. g5 Kg6 37. Kxe6 Kxg5 38. Kd6 Kf4 39. Kxc5
Kg3 40. Kb6 Kxg2 41. Kxb7 1-0

[Event "4NCL/Div3/BRI2 vs. SSC"]
[Site "Wokefield Park ENG"]
[Date "2010.05.03"]
[Round "11.1"]
[White "Humphreys, Jerry G"]
[Black "Graham, David B"]
[Result "1/2-1/2"]
[WhiteElo "2082"]
[BlackElo "2207"]
[PlyCount "80"]
[EventDate "2010.05.03"]
[SourceDate "2009.10.24"]

1. e4 e6 2. d4 d5 3. Nd2 c5 4. exd5 exd5 5. Ngf3 Nc6 6. Bb5 Bd6 7. dxc5 Bxc5 8.
O-O Nge7 9. Re1 O-O 10. Nb3 Bd6 11. Bd3 Bf5 12. Bg5 Bg6 13. c3 Re8 14. Bxg6
hxg6 15. Bh4 Qb6 16. Bg3 Bxg3 17. hxg3 a5 18. Qd2 a4 19. Nbd4 Nxd4 20. Nxd4 Nc6
21. Nf3 Qb5 22. Rad1 Rxe1+ 23. Rxe1 Qc4 24. a3 Qb5 25. Re2 Rd8 26. Qe3 Rf8 27.
Rd2 Rd8 28. Qf4 Ne7 29. Qh4 f6 30. Qg4 Qd7 31. Qxd7 Rxd7 32. Nd4 Kf7 33. Kf1
Nc6 34. Nxc6 bxc6 35. Rd4 Ra7 36. Rb4 Ke6 37. Ke2 Kd6 38. Kd3 g5 39. Rb8 c5 40.
Rd8+ Ke6 1/2-1/2

[Event "4NCL/Div3/BRI2 vs. SSC"]
[Site "Wokefield Park ENG"]
[Date "2010.05.03"]
[Round "11.2"]
[White "Grant, David J"]
[Black "Stewart, Joseph"]
[Result "1/2-1/2"]
[WhiteElo "2066"]
[BlackElo "1994"]
[PlyCount "52"]
[EventDate "2010.05.03"]
[SourceDate "2009.10.24"]

1. e4 c5 2. Nc3 Nc6 3. Bb5 a6 4. Bxc6 dxc6 5. d3 e5 6. f4 exf4 7. Bxf4 Be6 8.
Nf3 Be7 9. O-O Nf6 10. Qd2 h6 11. a4 a5 12. h3 g5 13. Be5 Rg8 14. d4 Bc4 15.
Rfe1 g4 16. hxg4 Nxg4 17. d5 Bh4 18. Qf4 Bf2+ 19. Kh1 Bxe1 20. Rxe1 f6 21. Bc7
Qd7 22. e5 Qxc7 23. exf6+ Kd8 24. f7 Qxf4 25. fxg8=Q+ Kc7 26. Qxa8 Nf2+ 1/2-1/2

[Event "4NCL/Div3/BRI2 vs. SSC"]
[Site "Wokefield Park ENG"]
[Date "2010.05.03"]
[Round "11.3"]
[White "Ponter, Ian P"]
[Black "Michaud, Gerald"]
[Result "0-1"]
[WhiteElo "2046"]
[BlackElo "2066"]
[PlyCount "44"]
[EventDate "2010.05.03"]
[SourceDate "2009.10.24"]

1. e4 d6 2. d4 g6 3. Nc3 Bg7 4. g3 Nf6 5. Bg2 O-O 6. Nge2 e5 7. d5 Ne8 8. Be3
f5 9. Qd2 Rf7 10. O-O-O c5 11. dxc6 bxc6 12. f4 fxe4 13. Nxe4 d5 14. fxe5 Bxe5
15. Bd4 Qe7 16. N4c3 Nd6 17. Rhf1 Rxf1 18. Rxf1 Nc4 19. Nxd5 cxd5 20. Bxd5+ Be6
21. Bxc4 Bxc4 22. Bxe5 Nc6 0-1

[Event "4NCL/Div3/BRI2 vs. SSC"]
[Site "Wokefield Park ENG"]
[Date "2010.05.03"]
[Round "11.4"]
[White "Payne, Matthew J"]
[Black "Castruccio, Angelo"]
[Result "1/2-1/2"]
[WhiteElo "1871"]
[BlackElo "1962"]
[PlyCount "82"]
[EventDate "2010.05.03"]
[SourceDate "2009.10.24"]

1. e4 e5 2. Nf3 Nc6 3. d4 exd4 4. Nxd4 Nf6 5. Nxc6 bxc6 6. e5 Qe7 7. Qe2 Nd5 8.
c4 Nb6 9. Nc3 g6 10. f4 Bg7 11. Ne4 O-O 12. Be3 d5 13. Bc5 Qe6 14. Ng5 Qd7 15.
Bxf8 Bxf8 16. O-O-O Nxc4 17. Qxc4 dxc4 18. Rxd7 Bxd7 19. Bxc4 Be8 20. e6 fxe6
21. Nxe6 Bf7 22. Nxc7 Rc8 23. Ne6 Bd6 24. g3 Re8 25. Re1 Bxe6 26. Rxe6 Rxe6 27.
Bxe6+ Kg7 28. Bd7 Bc5 29. f5 gxf5 30. Bxf5 Bg1 31. h3 h6 32. Kd2 Kf6 33. Be4 c5
34. Ke2 Ke5 35. Bd3 Bd4 36. b3 Bb2 37. a4 a5 38. Kf3 Bc1 39. Kg4 Bd2 40. Kh5
Kf6 41. h4 Bc1 1/2-1/2

[Event "4NCL/Div3/BRI2 vs. SSC"]
[Site "Wokefield Park ENG"]
[Date "2010.05.03"]
[Round "11.5"]
[White "Thompson, Robert"]
[Black "Woods, Timothy J"]
[Result "1/2-1/2"]
[WhiteElo "1881"]
[BlackElo "1810"]
[PlyCount "60"]
[EventDate "2010.05.03"]
[SourceDate "2009.10.24"]

1. d4 d6 2. e4 Nf6 3. Nc3 g6 4. Nf3 Bg7 5. Be3 c6 6. Bd3 O-O 7. Qd2 b5 8. a4 b4
9. Ne2 a5 10. Ng3 Ba6 11. O-O Bxd3 12. Qxd3 Nbd7 13. c3 bxc3 14. bxc3 Qc7 15.
h3 e5 16. Nd2 d5 17. f4 exd4 18. cxd4 dxe4 19. Ndxe4 Nd5 20. Bd2 N7f6 21. f5
Rfe8 22. fxg6 hxg6 23. Nxf6+ Nxf6 24. Bf4 Qa7 25. Ne2 Nh5 26. Rac1 Nxf4 27.
Nxf4 Bxd4+ 28. Kh1 c5 29. Qc4 Qa6 30. Qd5 Rf8 1/2-1/2

[Event "4NCL/Div3/BRI2 vs. SSC"]
[Site "Wokefield Park ENG"]
[Date "2010.05.03"]
[Round "11.6"]
[White "Burch, Jonathan G"]
[Black "White, Martin"]
[Result "1/2-1/2"]
[WhiteElo "1770"]
[BlackElo "1914"]
[PlyCount "53"]
[EventDate "2010.05.03"]
[SourceDate "2009.10.24"]

1. d4 Nf6 2. Nf3 e6 3. Bf4 d5 4. Nbd2 b6 5. h3 Ba6 6. c3 Bd6 7. Bxd6 Qxd6 8.
Ne5 O-O 9. e3 Bxf1 10. Nxf1 c5 11. Nd2 Nbd7 12. Ndf3 b5 13. Nxd7 Nxd7 14. O-O
b4 15. cxb4 cxb4 16. Rc1 Rfc8 17. Qd2 Nb6 18. b3 a5 19. Ne5 f6 20. Nd3 Nd7 21.
Nf4 Kf7 22. Rc2 Qa6 23. Rfc1 g6 24. g3 Rab8 25. h4 Ra8 26. Kh2 Rab8 27. Qd3
1/2-1/2

[Event "4NCL/Div3/BRI3 vs. BCA"]
[Site "Wokefield Park ENG"]
[Date "2010.05.03"]
[Round "11.1"]
[White "Dunlop, Neil J"]
[Black "Crouch, Colin S"]
[Result "0-1"]
[WhiteElo "1802"]
[BlackElo "2342"]
[PlyCount "88"]
[EventDate "2010.05.03"]
[SourceDate "2009.10.24"]

1. e4 d5 2. exd5 Qxd5 3. Nc3 Qd6 4. d4 Nf6 5. Nf3 c6 6. Ne5 Nbd7 7. Nc4 Qc7 8.
g3 Nb6 9. Bf4 Qd8 10. Nxb6 Qxb6 11. Na4 Qa5+ 12. c3 Qd5 13. f3 g6 14. Bg2 Bg7
15. O-O Nd7 16. Re1 O-O 17. Rxe7 b5 18. Nc5 Nxc5 19. dxc5 Qxc5+ 20. Re3 Be6 21.
Kh1 Rad8 22. Rd3 Bd5 23. Qd2 Rfe8 24. b3 Rc8 25. Be3 Qe7 26. Re1 a5 27. Bf1 Qf6
28. Bd4 Qf5 29. Rd1 Bxd4 30. cxd4 b4 31. Qf2 h5 32. Kg1 Rc7 33. f4 Rce7 34.
R3d2 Re3 35. Bc4 Kg7 36. Bxd5 cxd5 37. Qg2 R8e4 38. Kf1 Qe6 39. Qf2 Qg4 40. Qg2
h4 41. h3 Qxg3 42. Qxg3 Rxg3 43. Rh2 Rxf4+ 44. Ke1 Rg1+ 0-1

[Event "4NCL/Div3/BRI3 vs. BCA"]
[Site "Wokefield Park ENG"]
[Date "2010.05.03"]
[Round "11.2"]
[White "Mordue, A Tyson"]
[Black "Dunn, Richard S"]
[Result "1-0"]
[WhiteElo "2273"]
[BlackElo "1866"]
[PlyCount "35"]
[EventDate "2010.05.03"]
[SourceDate "2009.10.24"]

1. e4 c5 2. Nf3 e6 3. d4 cxd4 4. Nxd4 a6 5. Nc3 Qc7 6. g3 b6 7. Bg2 Bb7 8. O-O
d6 9. Re1 Nd7 10. f4 Rd8 11. Qe2 Ne7 12. Be3 g6 13. Rad1 Bg7 14. f5 e5 15. Ndb5
axb5 16. Nxb5 Qb8 17. Nxd6+ Kf8 18. Qc4 1-0

[Event "4NCL/Div3/BRI3 vs. BCA"]
[Site "Wokefield Park ENG"]
[Date "2010.05.03"]
[Round "11.3"]
[White "Woolgar, Steven G"]
[Black "Ross, Chris N"]
[Result "0-1"]
[WhiteElo "1698"]
[BlackElo "2205"]
[PlyCount "74"]
[EventDate "2010.05.03"]
[SourceDate "2009.10.24"]

1. c4 e6 2. Nc3 d5 3. cxd5 exd5 4. d4 Nf6 5. Nf3 c6 6. g3 Bd6 7. Bg2 O-O 8. O-O
Bf5 9. Re1 Nbd7 10. Nh4 Be6 11. e4 dxe4 12. Nxe4 Nxe4 13. Bxe4 Nf6 14. Bf3 Bb4
15. Re2 Nd5 16. Bd2 Be7 17. Ng2 Bf6 18. Bc3 Qd7 19. Rd2 Bg5 20. Re2 Rad8 21. a3
Nc7 22. Ne3 Nb5 23. Rd2 Bf6 24. Nc2 Rfe8 25. a4 Nc7 26. Ne3 Nd5 27. Nxd5 Bxd5
28. Bxd5 Qxd5 29. Qc2 Re4 30. Rad1 Rde8 31. Rf1 h5 32. Rdd1 h4 33. Qd3 Re2 34.
Rde1 Rxe1 35. Rxe1 Rxe1+ 36. Bxe1 Bxd4 37. b3 Bxf2+ 0-1

[Event "4NCL/Div3/BRI3 vs. BCA"]
[Site "Wokefield Park ENG"]
[Date "2010.05.03"]
[Round "11.4"]
[White "Hilton, Steve H"]
[Black "Woodruff, David G"]
[Result "1-0"]
[WhiteElo "1891"]
[BlackElo "1666"]
[PlyCount "119"]
[EventDate "2010.05.03"]
[SourceDate "2009.10.24"]

1. d4 Nf6 2. c4 g6 3. Nc3 d5 4. Nf3 Bg7 5. cxd5 Nxd5 6. Qb3 Nxc3 7. bxc3 O-O 8.
e4 Nc6 9. Be2 Na5 10. Qc2 b6 11. O-O Nb7 12. Be3 c5 13. Rfd1 Qc7 14. Rac1 Bd7
15. Qd2 Ba4 16. Re1 Rfd8 17. Bh6 Nd6 18. Bxg7 Kxg7 19. Qf4 Qb7 20. Ng5 f6 21.
Ne6+ Kh8 22. Nxd8 Rxd8 23. e5 Ne8 24. Bf3 Qc7 25. dxc5 b5 26. Qe3 f5 27. Bd1
Qa5 28. Bxa4 Qxa4 29. Qe2 Nc7 30. Red1 Ne6 31. Rxd8+ Nxd8 32. Qd3 Nc6 33. Qd7
Qa6 34. Rd1 Kg7 35. e6 Kf6 36. Qd5 Qc8 37. Re1 a6 38. h3 h5 39. f4 a5 40. Qd7
Qa8 41. Qc7 a4 42. Qb6 Nd8 43. Qxb5 Nxe6 44. c6 Qa7+ 45. Kh2 Qc7 46. Qe5+ Qxe5
47. Rxe5 Nxf4 48. c7 Kxe5 49. c8=Q Nd5 50. Qc4 a3 51. Qd4+ Ke6 52. c4 Nc7 53.
Qb6+ Kd7 54. Qxg6 e6 55. Qg7+ Kc6 56. Qe7 Kb6 57. c5+ Kc6 58. Qd6+ Kb7 59. Qb6+
Kc8 60. c6 1-0

[Event "4NCL/Div3/BRI3 vs. BCA"]
[Site "Wokefield Park ENG"]
[Date "2010.05.03"]
[Round "11.5"]
[White "Taylor, John-Paul"]
[Black "Ross, David J"]
[Result "0-1"]
[WhiteElo "1306"]
[BlackElo "1802"]
[PlyCount "62"]
[EventDate "2010.05.03"]
[SourceDate "2009.10.24"]

1. e4 e6 2. d4 d5 3. Nc3 Nf6 4. Bg5 h6 5. Bh4 g5 6. Bg3 Bb4 7. e5 Ne4 8. Nge2
c5 9. a3 cxd4 10. axb4 dxc3 11. Nxc3 Nxg3 12. hxg3 Nc6 13. f4 Qb6 14. Qd2 gxf4
15. Qxf4 Qxb4 16. Qf6 Rf8 17. O-O-O Qe7 18. Qf4 a6 19. Be2 Bd7 20. Rxh6 O-O-O
21. Rf6 Be8 22. Bh5 Qc7 23. Bg4 Kb8 24. Bxe6 d4 25. Nd5 Qxe5 26. Qxe5+ Nxe5 27.
Nf4 Rd6 28. Rf5 Ng4 29. Bb3 Ne3 30. Ne6 Rg8 31. Nxd4 Nxd1 0-1

[Event "4NCL/Div3/BRI3 vs. BCA"]
[Site "Wokefield Park ENG"]
[Date "2010.05.03"]
[Round "11.6"]
[White "Irving, Alastair"]
[Black "Smith, Tom"]
[Result "0-1"]
[WhiteElo "1498"]
[BlackElo "1290"]
[PlyCount "50"]
[EventDate "2010.05.03"]
[SourceDate "2009.10.24"]

1. e4 c5 2. Nf3 d6 3. d4 cxd4 4. Nxd4 Nf6 5. Nc3 g6 6. Be3 Bg7 7. f3 O-O 8. Qd2
Nc6 9. Bc4 Bd7 10. O-O-O Rc8 11. Bb3 Ne5 12. h4 h5 13. Bh6 Qa5 14. Bxg7 Kxg7
15. g4 Nc4 16. Bxc4 Rxc4 17. gxh5 Nxh5 18. Rhg1 Rfc8 19. Rg5 e5 20. Nf5+ Bxf5
21. exf5 Rxc3 22. bxc3 Qa3+ 23. Kb1 Rc6 24. Qc1 Rb6+ 25. Ka1 Qxc3+ 0-1

[Event "4NCL/Div3/OXF2 vs. ICENI"]
[Site "Wokefield Park ENG"]
[Date "2010.05.03"]
[Round "11.1"]
[White "Nitz, Tomos"]
[Black "Crombleholme, Alan K"]
[Result "1/2-1/2"]
[WhiteElo "2090"]
[BlackElo "2106"]
[PlyCount "55"]
[EventDate "2010.05.03"]
[SourceDate "2009.10.24"]

1. d4 Nf6 2. c4 d6 3. Nc3 e5 4. dxe5 dxe5 5. Qxd8+ Kxd8 6. Bg5 c6 7. Nf3 Nbd7
8. Rd1 Kc7 9. Bxf6 gxf6 10. a3 Nb6 11. e3 Be6 12. Nd2 a5 13. Be2 Be7 14. Rc1
Nd7 15. Nd5+ Kd8 16. Nxe7 Kxe7 17. O-O a4 18. Ne4 f5 19. Ng3 Nc5 20. f4 e4 21.
Rfd1 Rhd8 22. Kf1 Nb3 23. Rc2 Rxd1+ 24. Bxd1 Bxc4+ 25. Ke1 Be6 26. Rc3 Ra5 27.
Bxb3 axb3 28. Nf1 1/2-1/2

[Event "4NCL/Div3/OXF2 vs. ICENI"]
[Site "Wokefield Park ENG"]
[Date "2010.05.03"]
[Round "11.2"]
[White "Feavyour, John A"]
[Black "Burt, William"]
[Result "1-0"]
[WhiteElo "2076"]
[BlackElo "2162"]
[PlyCount "103"]
[EventDate "2010.05.03"]
[SourceDate "2009.10.24"]

1. d4 d5 2. c4 e5 3. dxe5 d4 4. Nf3 Nc6 5. a3 Be6 6. e3 dxe3 7. Qxd8+ Rxd8 8.
Bxe3 Nge7 9. Be2 Ng6 10. Nbd2 Ngxe5 11. O-O Be7 12. h3 O-O 13. Nxe5 Nxe5 14. f4
Nc6 15. b4 Nd4 16. Bxd4 Rxd4 17. Nb3 Re4 18. Bd3 Re3 19. Rad1 Rd8 20. Nc1 Bh4
21. f5 Bd7 22. b5 Rde8 23. Ne2 Bc8 24. Nf4 c6 25. a4 Kf8 26. Kh2 Bg3+ 27. Kg1
Rd8 28. Bc2 Rxd1 29. Bxd1 Bxf5 30. Nh5 Bd3 31. Nxg3 Rxg3 32. Rf4 Ke7 33. Kf2
Rg6 34. Ke3 Bb1 35. Bf3 Re6+ 36. Kd4 Rd6+ 37. Kc3 cxb5 38. c5 Rd7 39. axb5 Rc7
40. Kb4 Bd3 41. Rd4 Bf5 42. c6 b6 43. Bg4 Bc2 44. Bd7 h6 45. Kc4 Bb1 46. Rd2 g6
47. g4 f5 48. Re2+ Kf6 49. Kd5 Bd3 50. Re6+ Kf7 51. Kd6 fxg4 52. hxg4 1-0

[Event "4NCL/Div3/OXF2 vs. ICENI"]
[Site "Wokefield Park ENG"]
[Date "2010.05.03"]
[Round "11.3"]
[White "Duggan, Christopher"]
[Black "Ruthen, Stephen W"]
[Result "1/2-1/2"]
[WhiteElo "2031"]
[BlackElo "2093"]
[PlyCount "68"]
[EventDate "2010.05.03"]
[SourceDate "2009.10.24"]

1. e4 e5 2. Nf3 Nc6 3. Bb5 Nd4 4. Ba4 Nxf3+ 5. Qxf3 Qf6 6. d3 Qxf3 7. gxf3 c6
8. f4 d6 9. Be3 Nf6 10. f3 Nh5 11. fxe5 dxe5 12. Nc3 Be7 13. O-O-O a5 14. Nd5
Bd8 15. Nb6 Bxb6 16. Bxb6 Ra6 17. Bc7 b5 18. Bb3 a4 19. Bxf7+ Kxf7 20. Bxe5 Nf6
21. Rhg1 Re8 22. f4 b4 23. Rg3 g6 24. Rdg1 c5 25. b3 Nd7 26. Bb2 Nf6 27. Rg5
Rc6 28. f5 gxf5 29. exf5 Rf8 30. h4 axb3 31. axb3 Nd5 32. Re1 Nc3 33. f6 h6 34.
Rg2 Rxf6 1/2-1/2

[Event "4NCL/Div3/OXF2 vs. ICENI"]
[Site "Wokefield Park ENG"]
[Date "2010.05.03"]
[Round "11.4"]
[White "Savage, Nicholas W"]
[Black "Scott, David A"]
[Result "1-0"]
[WhiteElo "1996"]
[BlackElo "2058"]
[PlyCount "97"]
[EventDate "2010.05.03"]
[SourceDate "2009.10.24"]

1. d4 Nf6 2. c4 e6 3. Nc3 Bb4 4. f3 d5 5. a3 Bxc3+ 6. bxc3 c5 7. cxd5 Nxd5 8.
Qd3 b6 9. e4 Ba6 10. Qd2 Bxf1 11. Kxf1 Ne7 12. Ne2 Nbc6 13. h4 Rc8 14. Rh3 cxd4
15. cxd4 Na5 16. Qg5 Ng6 17. h5 Qxg5 18. Bxg5 Ne7 19. h6 g6 20. Bf6 Rf8 21. f4
Nc4 22. Nc3 Kd7 23. Ke2 Nd6 24. d5 exd5 25. Bxe7 Kxe7 26. e5 Ne4 27. Nxd5+ Ke6
28. Rd3 Rfd8 29. Nc7+ Kf5 30. Rxd8 Rxd8 31. Ke3 Ng3 32. Nb5 Rd7 33. Nd6+ Kg4
34. Rc1 Nf5+ 35. Nxf5 Kxf5 36. Rc8 f6 37. Rf8 Kg4 38. Rxf6 Kh5 39. Rd6 Re7 40.
Ke4 Kxh6 41. f5 Kg5 42. f6 Rc7 43. Re6 Rc4+ 44. Kd5 Rf4 45. Re7 h5 46. f7 Kh6
47. e6 Kg7 48. Re8 Rf2 49. Rg8+ 1-0

[Event "4NCL/Div3/OXF2 vs. ICENI"]
[Site "Wokefield Park ENG"]
[Date "2010.05.03"]
[Round "11.5"]
[White "Rawlinson, Christopher JA"]
[Black "Donaghay, Richard H"]
[Result "1-0"]
[WhiteElo "2048"]
[BlackElo "1975"]
[PlyCount "51"]
[EventDate "2010.05.03"]
[SourceDate "2009.10.24"]

1. e4 d5 2. exd5 Nf6 3. Bb5+ Bd7 4. Bc4 Bg4 5. f3 Bc8 6. Nc3 Nbd7 7. Nge2 Nb6
8. Bb3 a5 9. a4 Nbxd5 10. Ne4 e5 11. d4 Nxe4 12. fxe4 Qh4+ 13. Ng3 Bg4 14. Qd3
Nf4 15. Qb5+ Kd8 16. O-O Ra6 17. Bxf4 exf4 18. Rxf4 Rh6 19. Nf1 Bd6 20. e5 Qg5
21. Rxf7 Bh3 22. Qxb7 Rg6 23. Qa8+ Bc8 24. exd6 Rxd6 25. Re1 Ra6 26. Qb8 1-0